Βυζαντινή διπλωματία

Αποθηκεύτηκε σε:
Λεπτομέρειες βιβλιογραφικής εγγραφής
Κύριος συγγραφέας: Udaltsova, Zinaida Vladimirovna
Άλλοι συγγραφείς: Ματέρη, Παναγιώτα Ν. (trlf), Πατέλης, Δημήτρης (Μεταφραστής)
Μορφή: Βιβλίο
Γλώσσα:Greek
Russian
Δημοσίευση: Αθήνα : Ελληνικά Γράμματα, 1995.
Σειρά:Σειρά Ιστορία (Ελληνικά Γράμματα)
Θέματα:
Ετικέτες: Προσθήκη ετικέτας
Δεν υπάρχουν, Καταχωρήστε ετικέτα πρώτοι!

MARC

LEADER 00000cam a2200000 i 4500
001 1/13466
008 980316s1995 gr | ||| |||| ||gre||
020 |a 9603440604 
035 |l 10019052 
040 |a GR-MY-UA  |b gre  |e aacr 
041 1 |a gre  |h rus 
082 0 |a 938.3 
100 1 |a Udaltsova, Zinaida Vladimirovna. 
245 1 0 |a Βυζαντινή διπλωματία /   |c Ζ. Ουνταλτσόβα..[κ.ά.] ; μετάφραση: Παναγιώτα Ματέρη, Δημήτρης Πατέλης.  
260 |a Αθήνα :   |b Ελληνικά Γράμματα,   |c 1995.  
300 |a 222 σ. ;   |c 21 εκ.  
490 1 |a (Ιστορία / Ελληνικά Γράμματα)  
500 |a Μετάφραση του: Kultura Vizantii.  
504 |a Περιλαμβάνει βιβλιογραφικές παραπομπές.  
651 0 |a Byzantine Empire  |x Foreign relations. 
651 0 |a Byzantine Empire  |x History. 
700 1 |a Ματέρη, Παναγιώτα Ν.  |e trlf 
700 1 |a Πατέλης, Δημήτρης,  |e trl 
830 0 |a Σειρά Ιστορία (Ελληνικά Γράμματα) 
852 |a INST  |b LESVOS  |e 19980316  |h 938.3 UND  |p 005100014811  |q 005100014811  |t BK  |y 0 
901 |a BIBL-1998-2 
909 |a Λ  |b 054053 
922 |a 1ΕΛΗ  |b 199802  |c ΚΠΣ/ΤΚΑ  |d EMVASIS 
970 |a ΚΑΜΑΤΣΟΥ  |b ΔΕΣΠΟΙΝΑ  |z 2000/02/09